The right of the child (Record no. 3551)
[ view plain ]
| 000 -LEADER | |
|---|---|
| fixed length control field | 00420nam a22001337a 4500 |
| 020 ## - INTERNATIONAL STANDARD BOOK NUMBER | |
| International Standard Book Number | 9789351115106 |
| 082 ## - DEWEY DECIMAL CLASSIFICATION NUMBER | |
| Classification number | 362.7062 SAT |
| 100 ## - MAIN ENTRY--PERSONAL NAME | |
| Personal name | Bharti Satsangi |
| 245 ## - TITLE STATEMENT | |
| Title | The right of the child |
| 260 ## - PUBLICATION, DISTRIBUTION, ETC. | |
| Place of publication, distribution, etc. | New Delhi |
| Name of publisher, distributor, etc. | Random publications |
| Date of publication, distribution, etc. | 2015 |
| 300 ## - PHYSICAL DESCRIPTION | |
| Extent | 275p |
| 942 ## - ADDED ENTRY ELEMENTS (KOHA) | |
| Koha item type | Book |
| Withdrawn status | Lost status | Damaged status | Not for loan | Collection code | Permanent Location | Current Location | Shelving location | Date acquired | Total Checkouts | Full call number | Barcode | Date last seen | Date last checked out | Price effective from | Koha item type |
|---|---|---|---|---|---|---|---|---|---|---|---|---|---|---|---|
| Central Library (CL) | Central Library (CL) | General Stacks | 08/02/2016 | 1 | 362.7062 SAT | S3H-S-832 | 02/15/2024 | 11/27/2018 | 11/18/2016 | Book |
